• 首页
  • 本馆介绍
  • 公告通知
  • 最新文献
  • 馆藏检索
  • 电子资源
  • 读者导购
  • 参考咨询
  • 我的图书馆
  • 登录
  • 详细信息显示
  • 放入我的书架
  • 预约/预借图书
  • 作者相关作品
  • 分类相关作品
  • 丛书相关作品
  • 出版社相关作品

书目信息

  • 表格格式
  • 工作单格式
  • 卡片格式
题名:
粉碎“台风”计划
    
 
作者: Полевой , 波列伏依 著 ;徐耀魁 译
分册:  
出版信息: 北京   新华出版社  1983
页数: 288页
开本: 21cm
丛书名:
单 册:
中图分类: K512.54
科图分类:
主题词: 苏联卫国战争(1941~1945)
电子资源:
ISBN:
000 01046nam0 2200289 45
001 0183003882
005 20060818095055.89
010    @dCNY0.95
091    @aCN@b7203.051
100    @a19950807d1983 emky0chiy0121 ea
101 1  @achi@crus
102    @aCN@b110000
105    @ay z 000zy
200 10 @a粉碎“台风”计划@Afen sui tai feng ji hua@e随军采访四年(一)@f(苏)鲍·波列伏依(Б.Н.Полевой)著@g徐耀魁译
210    @a北京@c新华出版社@d1983
215    @a288页@d21cm
300    @a书名原文:Эти четыре года-Иззаписок военного корреспондента
510 1  @aЭти четыре года-Иззаписок военного корреспондента@zrus
517 1  @a随军采访四年@Asui jun cai fang si nian
606    @a苏联卫国战争(1941~1945)
690    @aK512.54@v3
701 A1 @aПолевой@bБ.Н.@4著
701  1 @a波列伏依@Abo lie fu yi@bБ.Н.@4著
702  0 @a徐耀魁@Axu yao kui@4译
801  2 @aCN@bNLC@c20060818
801  0 @aCN@bTSSF
905    @a10447@dK512.54@e39
    
    粉碎“台风”计划:随军采访四年(一)/(苏)鲍·波列伏依(Б.Н.Полевой)著/徐耀魁译.-北京:新华出版社,1983
    288页;21cm
    书名原文:Эти четыре года-Иззаписок военного корреспондента
    
    ISBN :CNY0.95
    
●
相关链接 在E读中查询图书 在五车中查询图书 在当当中查询图书 在豆瓣中查询图书


正题名:粉碎"台风"计划     索取号:K512.54/39         预约/预借

序号 登录号 条形码 馆藏地/架位号 状态 备注
1 0466498   204664988   密集书库/ [索取号:K512.54/39] 在馆    
唐山师范学院图书馆 欢迎您!
大连网信软件有限公司© 版权所有